[Event "Budimex POL-ch Women 2018"]
[Site "Warsaw"]
[Date "2018.05.13"]
[Round "2"]
[White "Szczepkowska, Karina"]
[Black "Kulon, Klaudia"]
[Result "1-0"]
[WhiteElo "2404"]
[BlackElo "2353"]
[Annotator "TA"]
[PlyCount "101"]
[EventDate "2018.??.??"]
[EventType "tourn"]
[EventCountry "POL"]
[SourceTitle "playchess.com"]
[Source "ChessBase"]
[SourceQuality "1"]

{[%evp 17,101,62,76,70,65,54,30,26,45,41,48,27,32,0,0,0,0,0,-11,-31,-45,-116,-113,-148,-137,-153,-95,-89,-80,-149,-46,-66,-62,-168,-170,-201,-193,-203,-196,-204,-161,-160,-134,-134,-134,-139,-123,-129,0,0,109,106,106,104,119,118,130,110,174,159,766,759,706,709,700,683,677,644,29987,29988,29988,29974,29974,29975,29964,29959,29965,836,29991,29992,29992,29992,29993,29994,29994,29993]} 1. d4 f5 2. c4 g6 3. g3 Nf6 4. Bg2 Bg7 5. Nf3 O-O 6. O-O d6 7. Nc3 Nc6 8. d5 Na5 9. b3 {A89: Dutch Defence: Leningrad System: 5 Nf3 0-0 6 0-0 d6 7 Nc3 Nc6} (9. Nd2 c5 10. Qc2 a6 11. b3 b5 12. Bb2 Bd7 13. e3 Rb8 14. Rab1 Qe8 15. Ne2 bxc4 16. bxc4 Ba4 17. Qd3 Bd7 18. Qa3 Nb7 19. Qxa6 {1-0 (62) Karjakin,S (2783)-Nepomniachtchi,I (2751) chess.com INT 2017}) 9... c5 {LiveBook: 16 Games} 10. Rb1 a6 11. Ng5 $146 {White is slightly better.} ({Predecessor:} 11. Qc2 Rb8 12. a4 Bd7 13. Bd2 b6 14. Ng5 h6 15. Nh3 Qe8 16. Nf4 Qf7 {½-½ (47) Calvo,R (2187)-Kurowski,A (2115) ICCF email 2012}) 11... Rb8 12. e4 b5 13. cxb5 axb5 14. exf5 Bxf5 15. Ne6 Bxe6 $1 16. dxe6 Qc8 17. Nd5 Nxd5 18. Bxd5 Nc6 19. h4 (19. a3 $15) 19... Nb4 $1 $17 20. Bg2 Nxa2 (20... Qxe6 $6 21. a3 $14) 21. Bb2 Nc3 ({Black should try} 21... Bxb2 22. Rxb2 Nc3) 22. Bxc3 Bxc3 23. h5 (23. Qe2 $142) 23... Rf5 (23... Kg7 $17 24. Qg4 Bd4) 24. hxg6 $1 $15 hxg6 {And now ...Kg7 would win.} 25. Bh3 (25. Be4 $1 $15) 25... Rf6 $1 $19 ({Don't do} 25... Qxe6 26. Qd3 $15) 26. Qd3 Bd4 27. Rbe1 Kg7 {White must now prevent ...Qf8.} 28. Re2 Qc6 {Hoping for ...Rf3.} 29. Bg2 Qb6 30. Bd5 Rh8 31. Kg2 Rh5 32. Bf3 Rg5 (32... Rh7 $17 {Strongly threatening ...Rh8.} 33. Rd1 Rh8) 33. Rh1 $11 {Qd2 is the strong threat.} c4 ({Reject} 33... Rgf5 $6 34. Qd2 $16) (33... Qa5 $11 34. Re4 Qc3) 34. Qe4 $1 $16 {[%cal Re4h4]} Rxf3 35. Qxf3 {[%csl Ge6][%cal Rf3f7]} Rf5 36. Qa8 {[%csl Gh1][%cal Ra8h8]} Rf8 37. Qe4 cxb3 {[#]} (37... Qa7 $16 {was worth a try.}) 38. f3 $1 $40 {[%mdl 128] Threatening mate with Qh4. White goes for the king.} Rf5 $2 (38... Be5 $16) 39. Qh4 {[%csl Gh1][%cal Rh4h8]} Kf8 40. Qh6+ Bg7 41. Qxg6 {Rc1 would kill now.} Rf6 42. Qe4 {White threatens Qa8+ and mate.} Bh6 43. Qa8+ Kg7 44. Qe8 Qc7 45. Qd7 Qc3 46. Qxe7+ Kg6 47. Qb7 (47. Qe8+ $142 Kh7 48. Qe7+ Kg6 {[#]} 49. Qxf6+ $1 {[%mdl 512]} Kxf6 50. e7 (50. Rxh6+ Ke7 $16) 50... Qc6 51. e8=Q Qxe8 52. Rxe8) 47... Rf8 48. Qe4+ {White mates.} Kg7 49. e7 Re8 50. Qg4+ Kh7 51. Qh5 {Precision: White = 51%, Black = 50%.} 1-0

[Event "Budimex POL-ch Women 2018"]
[Site "Warsaw"]
[Date "2018.05.13"]
[Round "2"]
[White "Majdan, Joanna"]
[Black "Rajlich, Iweta"]
[Result "1-0"]
[WhiteElo "2369"]
[BlackElo "2389"]
[Annotator "TA"]
[PlyCount "99"]
[EventDate "2018.??.??"]
[EventType "tourn"]
[EventCountry "POL"]
[SourceTitle "playchess.com"]
[Source "ChessBase"]
[SourceQuality "1"]

{[%evp 18,99,49,33,41,19,42,0,0,0,77,57,60,41,43,54,70,44,89,73,95,83,101,93,95,53,90,90,84,91,141,99,105,73,133,133,123,127,144,147,143,135,145,91,124,131,193,191,212,238,227,220,229,231,348,340,329,279,363,247,247,247,227,235,208,157,212,203,341,340,336,346,337,349,375,314,291,287,295,296,289,257,383,364]} 1. e4 d6 2. d4 Nf6 3. Nc3 e5 4. Nf3 Nbd7 5. g3 Be7 6. Bg2 O-O 7. O-O c6 8. a4 Re8 9. b3 {C41: Philidor Defence} Bf8 10. Bb2 {LiveBook: 3 Games} Qc7 11. Qd2 $146 {White is slightly better.} ({Predecessor:} 11. Re1 b6 12. Na2 b5 13. axb5 cxb5 14. Nc3 b4 15. Nd5 Nxd5 16. exd5 Bb7 {½-½ (46) Antal,G (2545)-Shimanov,A (2631) Philadelphia 2016}) 11... Rb8 12. a5 b5 13. axb6 Nxb6 (13... axb6 $11 {remains equal.} 14. Ba3 b5) 14. Ra2 a6 15. dxe5 dxe5 16. Rfa1 Bb4 17. Qe2 Bb7 18. Na4 Nbd7 19. Nd2 Bxd2 20. Qxd2 c5 21. Qe2 c4 22. b4 Qd6 23. Bc3 (23. Qxc4 $6 Bxe4 24. Nc5 Bxg2 $11) 23... Qc6 {[%cal Rf6e4]} 24. Re1 Rbc8 25. Nb2 Nb6 ({Black should try} 25... Red8) 26. Ra5 $16 Nfd7 27. Bh3 Rc7 28. f3 f6 29. Rd1 Bc8 30. Rd2 ({White should play} 30. Rda1) 30... Nf8 31. Bxc8 Nxc8 (31... Rcxc8 $16 {keeps fighting.} 32. Rxa6 Ra8) 32. Rc5 $18 Qb6 33. Na4 (33. Nxc4 $6 Qa7 $16) 33... Qa7 34. Qxc4+ Ne6 35. Kg2 Rxc5 (35... Kf7 $142 36. Rxc7+ Qxc7 37. Qxa6 Ne7) 36. Nxc5 (36. bxc5 Qb7 $18) 36... Nb6 37. Qb3 (37. Qxa6 Qxa6 38. Nxa6 Rc8 $16) 37... Qf7 38. Nxe6 (38. Nxa6 Rc8 $18) 38... Qxe6 39. Rd6 $1 {[%cal Rd6e6]} Qxb3 40. cxb3 {[%mdl 4096] Endgame KRB-KRN} Rb8 41. Be1 Na8 (41... Rb7 $16 42. f4 exf4) 42. Rc6 Kf8 (42... Nb6 $142 43. f4 exf4 44. gxf4 Kf8) 43. Bf2 ({Weaker is} 43. Rxa6 Nc7 $18) 43... Ke8 44. Bc5 ({Don't do} 44. Rxa6 $6 Nc7 $18) 44... Kd7 45. Rd6+ ({Don't take} 45. Rxa6 Nc7 $18) 45... Kc8 46. Rxa6 Nc7 47. Rc6 Kd7 48. Rd6+ Kc8 49. f4 Nb5 (49... Ra8 {is a better defense.} 50. fxe5 Ra2+ 51. Kf3 fxe5) 50. Re6 {Precision: White = 58%, Black = 46%.} 1-0

[Event "Budimex POL-ch Women 2018"]
[Site "Warsaw"]
[Date "2018.05.13"]
[Round "2"]
[White "Bartel, Marta"]
[Black "Kubicka, Anna"]
[Result "1/2-1/2"]
[WhiteElo "2280"]
[BlackElo "2219"]
[Annotator "TA"]
[PlyCount "60"]
[EventDate "2018.??.??"]
[EventType "tourn"]
[EventCountry "POL"]
[SourceTitle "playchess.com"]
[Source "ChessBase"]
[SourceQuality "1"]

{[%evp 19,60,30,29,28,27,27,29,27,29,29,33,24,42,39,40,29,86,-7,0,0,24,24,27,0,0,0,30,0,0,0,0,0,0,0,5,0,0,0,11,0,39,0,27]} 1. d4 Nf6 2. c4 g6 3. Nc3 Bg7 4. Nf3 O-O 5. e4 d6 6. Be2 e5 7. O-O Nc6 8. d5 Ne7 9. a4 a5 10. Ne1 Ne8 11. Nd3 {E98: King's Indian: Classical Main Line: 9 Ne1} f5 12. f3 b6 (12... f4 13. Bd2 c5 14. Nb5 g5 15. Kf2 Ng6 16. Ke1 h5 17. Bc3 Nc7 18. Nxc7 Qxc7 19. Rg1 Kf7 20. Kd2 Ke8 21. Ne1 Qe7 22. Nc2 b6 23. Na3 Ba6 {½-½ (23) Loeschnauer,R (2481)-Rudenko,A (2333) ICCF email 2016}) 13. b3 {White has an edge.} Nf6 14. Bd2 $146 ({Predecessor:} 14. Ba3 Bh6 15. b4 Be3+ 16. Nf2 Bd4 17. Rc1 axb4 18. Bxb4 Bd7 19. exf5 Nxf5 20. Qb3 Ne3 21. Rfe1 Nfg4 22. Nce4 Nxf2 23. Nxf2 Qg5 24. Bf1 Ng4 {0-1 (24) Matevosyan,S (2202)-Yeritsyan,H (2078) Yerevan 2017}) 14... Bd7 15. g4 fxg4 16. fxg4 h6 17. g5 hxg5 18. Nf2 (18. Bxg5 $16 c6 19. Nf2) 18... Nh7 $11 19. Ng4 Rxf1+ 20. Qxf1 Kh8 21. Qg2 Ng8 22. Rf1 Qe7 23. Nd1 (23. Nb5 {feels hotter.} Rc8 24. Rf2 Ngf6 25. Nxf6 Bxf6 26. Be3) 23... Rf8 24. Rxf8 Qxf8 25. Ndf2 Qe8 26. Be3 Qf7 27. Nh3 Qe7 28. Nhf2 Qf8 29. Bd2 Qe8 30. Be3 {[%mdl 1024] White has compensation.} Qf8 {Precision: White = 38%, Black = 70%.} 1/2-1/2

[Event "Budimex POL-ch Women 2018"]
[Site "Warsaw"]
[Date "2018.05.14"]
[Round "3"]
[White "Rajlich, Iweta"]
[Black "Zawadzka, Jolanta"]
[Result "1/2-1/2"]
[WhiteElo "2389"]
[BlackElo "2424"]
[Annotator "TA"]
[PlyCount "156"]
[EventDate "2018.??.??"]
[EventType "tourn"]
[EventCountry "POL"]
[SourceTitle "playchess.com"]
[Source "ChessBase"]
[SourceQuality "1"]

{[%evp 16,156,16,-32,8,2,15,11,12,8,16,6,6,9,33,0,25,0,14,9,35,28,32,7,8,0,0,0,0,0,24,0,0,0,6,0,40,40,52,22,32,29,40,29,127,127,165,-54,0,-107,0,0,122,123,233,229,370,335,341,43,58,28,27,16,30,13,83,22,22,48,88,0,0,0,0,0,0,0,0,-22,0,0,0,0,0,-40,-40,-40,-40,-40,-40,-40,-40,-77,-39,-39,-39,-102,-102,-102,-79,-90,-90,-102,-68,-103,-103,-103,-103,-110,-110,-110,-103,-103,-103,-103,-103,-110,-103,-103,-8,-8,-8,-8,-8,-8,0,0,0,0,0,0,0,0,0,0,0,0,0,0,0,0,0]} 1. b3 Nf6 2. Bb2 g6 3. g3 Bg7 4. Bg2 d6 5. d4 O-O 6. Nf3 a5 7. O-O a4 {A49: 1 d4 Nf6 2 Nf3 g6 3 g3: Anti-King's Indian systems} 8. c4 (8. b4 b5 9. Na3 c6 10. c4 bxc4 11. Nxc4 Nd5 12. a3 Nb6 13. Na5 Ba6 14. Rc1 Bb5 15. Re1 {1-0 (46) Pantsulaia,L (2612)-Vachier Lagrave,M (2789) Riadh 2017}) 8... axb3 9. Qxb3 {LiveBook: 3 Games} (9. axb3 $5 {[%cal Ra1a8]} Rxa1 10. Bxa1 $11) 9... Nbd7 $146 {Black is slightly better.} ({Predecessor:} 9... Nc6 10. Nbd2 Nd7 11. Qc2 e5 12. d5 Nb4 13. Qb1 Na6 14. a4 Nac5 15. Qc2 {0-1 (50) Pantsulaia,L (2607)-Adhiban,B (2666) Doha 2016}) 10. Nbd2 c6 11. Rfd1 Qc7 12. h3 b6 13. Qc2 e5 14. e3 Ba6 15. Nb3 Rfe8 16. a4 exd4 (16... c5 $5 {[%cal Rc5d4]}) 17. exd4 d5 18. Ne5 dxc4 19. Nxc4 Nd5 20. Ba3 Re6 21. a5 bxa5 22. Ncxa5 Rc8 23. Rac1 {Bxd5 is the strong threat.} N7f6 24. Nc4 Bb5 25. Re1 Rce8 26. Rxe6 Rxe6 27. Ne5 Qb8 28. Qd2 Qa8 29. Bc5 Re8 (29... Qe8 $11) 30. Ra1 $36 {[%mdl 2048] White has strong initiative.} Qc8 31. g4 $2 ({White must play} 31. Ra7 $18) 31... Nd7 (31... h5 $1 $15 32. Qg5 hxg4 33. hxg4 Nh7) 32. f4 (32. Bd6 $11 {remains equal.}) 32... Nxe5 (32... f6 $1 $17 {[%cal Rf6e5]} 33. Nxd7 Qxd7) 33. fxe5 $11 Qe6 {[#]} (33... h5 $11 34. gxh5 gxh5) 34. Bd6 $1 $16 {Threatens to win with Nc5.} Nb6 (34... f5 $16) 35. Nc5 $18 Qc8 (35... Qc4 {was worth a try.} 36. Rc1 Qe2 37. Qxe2 Bxe2 38. Bxc6 Rc8) 36. Qf4 Bc4 37. Rb1 $2 (37. Ra7 $18) 37... Nd7 $1 $14 38. Rc1 Nxc5 39. Rxc4 Ne6 40. Qc1 Nd8 (40... Qa6 $1 $11 {keeps the balance.}) 41. Bxc6 (41. Qc3 $16) 41... Nxc6 $11 42. Rxc6 Qb7 {[#]} 43. Rc3 ({Better is} 43. Kf2 $1 $16) 43... Qd5 44. Qf4 Ra8 45. Ba3 h6 46. Rf3 Ra4 47. Rd3 Rc4 48. Qf3 Qxf3 49. Rxf3 Rxd4 {[%mdl 4096] Endgame KRB-KRB} 50. Bd6 Re4 51. Ra3 Bxe5 52. Bxe5 Rxe5 $15 {KR-KR} 53. Kf2 Kg7 54. Kf3 h5 55. Kg3 Rb5 56. gxh5 (56. Ra7 $15) 56... Rxh5 $17 57. Ra7 Rf5 (57... Rh8 {seems wilder.} 58. h4 Rf8 59. Kf4 Kh6 60. Kg3 f6) 58. Kg4 Rf1 59. Kg3 Kh6 60. Ra5 Rb1 61. Ra3 Rb4 62. Rf3 f5 63. Ra3 Kh5 64. Ra8 Rb3+ 65. Kg2 Re3 66. Ra4 Kg5 67. Ra6 f4 (67... Re5 $17 {aiming for ...Re4.} 68. Ra3 Kh5) 68. Ra8 $11 {The position is equal.} Rd3 {Strongly threatening ...Rb3.} 69. Rb8 Rg3+ 70. Kh2 Kh6 71. Rf8 g5 {[#] White must now prevent ...Kg7.} 72. h4 $1 {[%mdl 512]} Rg4 (72... gxh4 73. Rxf4) 73. hxg5+ Kxg5 74. Rg8+ Kf5 75. Rxg4 Kxg4 76. Kg2 {[%cal Bh2g2,Bg2f2,Bf2f1][%mdl 32]} f3+ 77. Kf2 Kf4 78. Kf1 Ke5 {Precision: White = 48%, Black = 38%.} (78... Ke3 $5 79. Ke1 $8 Kf4 $11) 1/2-1/2

[Event "Budimex POL-ch Women 2018"]
[Site "Warsaw"]
[Date "2018.05.14"]
[Round "3"]
[White "Kulon, Klaudia"]
[Black "Bartel, Marta"]
[Result "1/2-1/2"]
[WhiteElo "2353"]
[BlackElo "2280"]
[Annotator "TA"]
[PlyCount "111"]
[EventDate "2018.??.??"]
[EventType "tourn"]
[EventCountry "POL"]
[SourceTitle "playchess.com"]
[Source "ChessBase"]
[SourceQuality "1"]

{[%evp 17,111,8,5,0,29,32,27,17,40,41,101,83,86,97,170,165,154,145,165,104,152,126,150,145,150,147,139,137,150,137,130,109,116,102,199,183,186,114,110,81,112,80,120,59,92,102,141,89,99,94,95,87,85,92,87,78,91,72,102,67,69,22,74,23,60,66,72,23,27,0,0,0,0,0,0,0,0,0,0,0,0,0,0,0,0,0,0,0,0,0,0,0,0,0,0,0]} 1. d4 d5 2. Bg5 Nf6 3. e3 e6 4. Nd2 Be7 5. Bd3 Nbd7 6. f4 c5 7. c3 {D00: 1 d4 d5: Unusual lines} b6 8. Ngf3 Bb7 9. Ne5 O-O {LiveBook: 6 Games} 10. Nxd7 (10. Qf3 Nxe5 11. dxe5 Nd7 12. Qh3 g6 {1-0 (23) Indjic,A (2575)-Thybo,J (2465) Warsaw 2017}) 10... Qxd7 $146 (10... Nxd7 {feels hotter.} 11. Bxe7 Qxe7 12. O-O Rac8 13. Qe2 a5) ({Predecessor:} 10... Nxd7 11. Bxe7 Qxe7 12. O-O f6 13. Qh5 g6 14. Qh4 Rf7 15. a3 {1-0 (68) Nagy,T-Gaspar,M Slovakia 2000}) 11. Bxf6 Bxf6 12. Nf3 Qc8 13. h4 {[%cal Bh2h4,Bh4h5][%mdl 32]} g6 (13... Be7 $14) 14. h5 $16 Ba6 15. Bc2 cxd4 (15... Qc7 $16) 16. exd4 $18 Qc4 17. Qd2 Rac8 18. g3 (18. g4 $18) 18... Rfe8 19. a3 ({Resist} 19. hxg6 $6 fxg6 20. a4 Qc7 $14) 19... Kf8 20. Ne5 Bxe5 21. fxe5 {And now hxg6 would win.} Ke7 22. hxg6 hxg6 23. O-O-O {[%cal Be1c1,Bc1b1,Bb1b2][%mdl 32] Black must now prevent Rh7.} Kd7 24. Kb1 Re7 25. Rh7 Qe2 (25... Rc7 $16 {was necessary.}) 26. Qf4 Rf8 27. b3 (27. g4 $1 $18) 27... Kc8 $16 28. Kb2 Rc7 29. g4 Kb8 {[#]} 30. Rh2 ({Better is} 30. Rd2 $1 $16 {[%cal Rd2e2]} Qb5 31. Rf2) 30... Qb5 {[#]} 31. Bxg6 $1 {[%mdl 512]} Qa5 {[#]} (31... fxg6 32. Qxf8+) 32. b4 ({White should play} 32. Rh3 $1) 32... Qa4 33. Bc2 Qc6 34. Rh3 Bb5 35. Ra1 Ba4 36. Qd2 Rg8 37. Rg1 Rgc8 38. Bb1 a5 39. Rf3 Bb5 (39... Qc4 $11 40. Ba2 Qa6) 40. Rg2 (40. g5 $16) 40... axb4 41. cxb4 Ba4 42. Rgg3 Qb5 $1 43. Rc3 Rxc3 {The position is equal.} 44. Rxc3 Rxc3 45. Qxc3 Qe2+ 46. Bc2 Bxc2 47. Qxc2 Qxg4 $11 {[%mdl 4096] Endgame KQ-KQ} 48. Qd2 Qf3 49. a4 Kb7 50. b5 Kb8 51. Qc3 Qe2+ (51... Qf2+ {with more complications.} 52. Ka3 Qf1 53. Kb3 Qd1+ 54. Kb4 Qb1+) 52. Ka3 Qf1 53. Kb2 Qf2+ 54. Kb3 Qf1 55. Ka3 Qb1 56. Qd2 {Precision: White = 54%, Black = 54%.} 1/2-1/2

[Event "Budimex POL-ch Women 2018"]
[Site "Warsaw"]
[Date "2018.05.14"]
[Round "3"]
[White "Warakomska, Anna"]
[Black "Majdan, Joanna"]
[Result "1-0"]
[WhiteElo "2295"]
[BlackElo "2369"]
[Annotator "TA"]
[PlyCount "77"]
[EventDate "2018.??.??"]
[EventType "tourn"]
[EventCountry "POL"]
[SourceTitle "playchess.com"]
[Source "ChessBase"]
[SourceQuality "1"]

{[%evp 30,77,45,36,71,60,65,73,70,79,124,119,186,188,187,168,263,265,281,131,128,129,139,139,147,152,145,134,101,70,149,97,131,125,138,102,145,122,118,118,133,138,134,78,531,524,803,800,785,749]} 1. e4 c5 2. Nf3 Nc6 3. Nc3 d6 4. d4 cxd4 5. Nxd4 Nf6 6. Bg5 e6 7. Qd2 a6 8. O-O-O Bd7 9. f4 {[%cal Bf2f4,Bf4g5][%mdl 32]} h6 10. Bh4 g5 11. fxg5 Ng4 12. Be2 Nge5 13. Nf3 Be7 14. Bf2 {B67: Sicilian: Richter-Rauzer: 7...a6 8 0-0-0 Bd7, lines without 9 f4 Be7} hxg5 15. Na4 Nxf3 16. gxf3 {LiveBook: 4 Games. White is slightly better.} b5 17. Nb6 Rb8 18. Nxd7 {[#]} Kxd7 $146 ({Predecessor:} 18... Qxd7 19. Be3 Qd8 20. Rdg1 f6 21. h4 Kd7 22. hxg5 fxg5 23. Rxh8 Qxh8 24. Bxg5 {1-0 (65) Tischbierek,R (2466)-Lanka,Z (2510) Austria 2006}) 19. Bg3 {[%cal Rg3d6]} Kc7 20. Kb1 Qd7 (20... Kb7 $16 {is a better defense.}) 21. c4 $1 $18 bxc4 22. Qc3 Qc8 (22... Na7 {was called for.} 23. Bxc4 Kb7) 23. Bxc4 (23. Qxc4 Qb7 $18) 23... Qb7 24. Bb3 (24. Rd3 $18 {has better winning chances.}) 24... Qb4 $16 25. Qg7 Rbf8 26. Rc1 {aiming for Rc4.} Rhg8 27. Qc3 Qxc3 28. Rxc3 Kb7 29. Rd1 Rd8 {[#]} ({Black should play} 29... Rc8 $14) 30. Ba4 ({White should try} 30. Bc4 $1) 30... Nb8 31. Rb3+ Ka8 32. Rb6 $36 {[%mdl 2048] White is on the roll.} Rh8 33. Rd3 ({Much less strong is} 33. Bxd6 Bxd6 34. Rdxd6 (34. Rbxd6 Rxd6 35. Rxd6 Kb7 $16) 34... Rxd6 $16) 33... Rc8 34. Rdb3 Rc7 35. a3 ({Don't play} 35. Bxd6 $6 Bxd6 36. Rxd6 Rc4 $14) 35... Rhc8 36. Bf2 (36. R3b4 $142) 36... Rc4 $2 {[%mdl 8192] [#]} (36... Bf6 $16) 37. Bd7 $1 $18 {[%mdl 512] White threatens Rb7 and mate.White is clearly winning.} Rd8 (37... Nxd7 38. Rxa6#) 38. Rb7 {[%csl Gf2][%cal Rb7a7]} Rc5 39. Bxc5 {Precision: White = 63%, Black = 36%.} 1-0

[Event "Budimex POL-ch Women 2018"]
[Site "Warsaw"]
[Date "2018.05.14"]
[Round "3"]
[White "Sliwicka, Alicja"]
[Black "Szczepkowska, Karina"]
[Result "0-1"]
[WhiteElo "2261"]
[BlackElo "2404"]
[Annotator "TA"]
[PlyCount "70"]
[EventDate "2018.??.??"]
[EventType "tourn"]
[EventCountry "POL"]
[SourceTitle "playchess.com"]
[Source "ChessBase"]
[SourceQuality "1"]

{[%evp 17,70,13,10,10,28,8,31,-11,43,-31,-26,-100,-97,-183,-178,-209,-187,-156,-85,-85,-74,-250,-118,-118,-87,-129,-113,-122,-116,-100,-86,-155,-147,-204,-211,-224,-224,-222,-216,-207,-221,-311,-325,-767,-743,-881,-884,-943,-951,-921,-893,-29995,-29996,-29996,-29997]} 1. e4 c5 2. Nf3 Nc6 3. d4 cxd4 4. Nxd4 e5 5. Nb5 d6 6. a4 Be6 7. N1c3 a6 8. Na3 Rc8 9. Bc4 Nd4 {LiveBook: 6 Games. B32: Sicilian: Löwenthal and Kalashnikov Variations} (9... Nf6 10. Bg5 Be7 11. O-O O-O 12. Bxf6 Bxf6 13. Nd5 Bg5 14. c3 Kh8 15. Qe2 Ne7 16. Rfd1 Ng6 17. g3 Rc6 18. Nc2 f5 19. exf5 Bxf5 20. Bd3 Be6 21. Be4 {½-½ (21) Jurcik,M (2369)-Jakubiec,A (2528) Czechia 2015}) 10. Bd5 Qb6 11. O-O Nf6 {The position is equal.} 12. Be3 $146 (12. a5 $5 Qxa5 13. Bxb7 $11) ({Predecessor:} 12. Qd3 Nd7 13. Kh1 Be7 14. f4 Bf6 15. f5 Bxd5 16. Nxd5 Qc6 17. Bd2 Qxa4 {1-0 (39) Scacco,M (2166)-Groffen,H (2023) IECG email 2002}) 12... Be7 ({Better is} 12... Qxb2 $11 13. Bxd4 exd4) 13. Ne2 (13. a5 $14 Qb4 14. Bxd4 exd4 15. Ne2) 13... Bxd5 $15 14. Nxd4 (14. Bxd4 $11 exd4 15. exd5) 14... Bxe4 $17 15. Nf5 (15. f3 $17 {is a better defense.} Bg6 16. Nf5 $1 {[%mdl 512]}) 15... Qc6 $1 $36 {[%mdl 2048] Black is really pushing.} (15... Qxb2 16. Nxd6+ Bxd6 17. Qxd6 $15) 16. Nxg7+ Kf8 17. f3 Bxc2 ({Black should try} 17... Bg6 18. Bh6 Kg8) 18. Qd2 Qd5 $1 {[%cal Rd5d2]} ({Inferior is} 18... Kxg7 19. Bh6+ Kg8 20. Nxc2 $16) ({Worse is} 18... Qxa4 19. Rfc1 $16) ({But not} 18... Bxa4 $6 19. Rac1 $16) 19. Qf2 $2 (19. Nxc2 $17 Qxd2 20. Bxd2) 19... Kxg7 (19... Bd3 $19 20. Bh6 Bxf1 21. Rxf1 Rg8) 20. Nxc2 $17 Rhg8 21. Rfd1 Qb3 22. Ne1 Kh8 23. Qd2 Rg6 24. Ra3 {[#]} (24. Qd3 $142 Qxd3 25. Nxd3) 24... Qe6 $1 25. Rc3 {[#]} (25. Bf2 $17 {was necessary.}) 25... Rcg8 $1 $19 26. Rc7 d5 {[%cal Bd6d5,Bd5d4][%mdl 32]} 27. Rxb7 d4 28. Bf2 Nd5 29. Kh1 (29. Qc2 $142) 29... Bg5 30. Qa5 $2 (30. Qe2) 30... Be3 {aiming for ...Qh3!} 31. Bxe3 Nxe3 32. Rc1 Nxg2 {( -> ...Nf4)} 33. Nd3 Rg5 {And now ...Ne3 would win.} 34. Qc7 {[#]} Ne1 $1 {[%mdl 512]} 35. Rxe1 Qh3 {Precision: White = 24%, Black = 49%.} 0-1

[Event "Budimex POL-ch Women 2018"]
[Site "Warsaw"]
[Date "2018.05.14"]
[Round "3"]
[White "Kubicka, Anna"]
[Black "Socko, Monika"]
[Result "0-1"]
[WhiteElo "2219"]
[BlackElo "2458"]
[Annotator "TA"]
[PlyCount "122"]
[EventDate "2018.??.??"]
[EventType "tourn"]
[EventCountry "POL"]
[SourceTitle "playchess.com"]
[Source "ChessBase"]
[SourceQuality "1"]

{[%evp 16,122,12,-11,18,16,20,14,31,23,35,0,-2,-6,0,0,0,-19,0,-25,-31,-33,-13,-16,-12,-45,-34,-33,-30,-57,-53,-69,-32,-59,-56,-63,-59,-99,-91,-127,-78,-108,-10,-21,22,-66,-61,-217,-226,-435,-424,-430,-441,-439,-441,-428,-440,-437,-437,-434,-431,-435,-428,-419,-421,-417,-406,-402,-400,-433,-431,-472,-472,-472,-468,-457,-423,-768,-625,-604,-592,-763,-735,-29968,-29971,-29969,-29970,-29969,-29970,-29970,-29966,-29966,-29965,-5110,-1855,-1908,-1764,-1386,-846,-2026,-1394,-11452,-8872,-4827,-1422,-29980,-29983,-29983,-29984]} 1. e4 e6 2. d4 d5 3. Nd2 Be7 4. Ngf3 Nf6 5. e5 Nfd7 6. Bd3 c5 7. c3 {C03: French Tarrasch: Unusual Black 3rd moves} b6 8. Qe2 a5 9. Bb5 {LiveBook: 5 Games. The position is equal.} Bb7 $146 ({Predecessor:} 9... a4 10. Qd1 a3 11. bxa3 Na6 12. a4 Nc7 13. c4 O-O 14. Bb2 Bb7 {0-1 (43) Gledura,B (2602)-Diermair,A (2472) Minsk 2017}) 10. O-O O-O 11. a4 Na6 12. Nb1 Nc7 13. Na3 Nxb5 14. axb5 Rc8 15. Bf4 Re8 16. Qe3 h6 17. g4 Nf8 18. Bg3 Rc7 19. Qe2 Qd7 20. Bh4 g5 $36 {[%mdl 2048] Black fights for an advantage.} 21. Bg3 Ng6 22. Kg2 Kg7 23. Rh1 Qd8 24. Nc2 Bc8 25. dxc5 bxc5 26. Rxa5 Bb7 27. Rd1 Rd7 {[%mdl 1024] Black has strong compensation.} 28. Ra4 Qb6 (28... d4 $1 $17 {[%cal Rd4d3]} 29. Qd3 {[#]} h5 $1 {[%mdl 512]}) 29. Kg1 $11 Red8 30. b4 (30. Nce1 $11) 30... d4 {aiming for ...d3.} 31. cxd4 $2 ({Only move:} 31. bxc5 $15 Qxc5 32. Nfxd4) 31... cxd4 $19 32. Nfe1 $2 {[#]} (32. Ra3) 32... d3 $1 {[%mdl 512]} 33. Rxd3 Qxb5 {[%cal Rd7d3]} 34. Ra5 Qc6 {[%csl Gb7][%cal Rc6h1]} 35. f3 Ba6 36. Rxa6 Qxa6 37. Re3 Qb6 38. Qf2 Bxb4 39. Rb3 Qxf2+ 40. Kxf2 Bc5+ 41. Kf1 Rd2 42. Rb5 R8d5 43. Nb4 Bxb4 44. Rxb4 Nxe5 45. Re4 Nd3 46. h4 (46. Re2 $142 Rd1 47. Kg2) 46... Nxe1 47. Bxe1 {[%mdl 4096] Endgame KRR-KRB} Rc2 48. hxg5 hxg5 49. Re3 Rd1 50. Re5 Kg6 51. Re3 Ra2 52. Kg1 Rad2 53. Re5 Kf6 54. Re4 Ke7 (54... Ra2 $142 55. Re3 Kg6) 55. Kf1 Kd6 56. Kg1 Rc2 57. Re3 Kd5 58. Kf1 Kd4 59. Re4+ Kd3 60. Re5 Rcc1 61. Kf2 Rxe1 {Precision: White = 30%, Black = 71%.} 0-1